| 000 | 00595nam a22001937a 4500 | ||
|---|---|---|---|
| 005 | 20160610163625.0 | ||
| 010 | _aENG-115242 | ||
| 020 |
_a9788120352186 _c450.00 |
||
| 035 | _aEN-98774 | ||
| 037 | _bDBAD/PUB | ||
| 082 | _a620.106 | ||
| 100 | _aPani,Bidya Sagar | ||
| 245 |
_aFluid mechanics : _cby Bidya Sagar Pani _ba concise introduction / |
||
| 260 |
_aDelhi _bPHI Learning _c2016 |
||
| 270 |
_aRimjhim House, 111, Patparganj Industrial Estate _bDelhi _e110092 |
||
| 300 |
_axv,344p. : _bill. _c25cm(pbk) |
||
| 500 | _aIncludes index | ||
| 942 |
_2ddc _cEN _h620.106 _mPAN |
||
| 999 |
_c100278 _d100278 |
||